000 00516nam a2200181Ia 4500
008 151018s9999 xx 000 0 und d
082 _bRBASDV57357
_a891.467
100 _aशिरीष कणेकर
245 _aचापटपोळी
250 _b1
260 _bदिलीप
_c2006
300 _a232
600 _aशिरीष कणेकर
630 _aचापटपोळी
700 _aशिरीष कणेकर
730 _aचापटपोळी
942 _cBOOK
999 _c1052740
_d1052737